| 000 | 00917cam a2200217 4500 | ||
|---|---|---|---|
| 001 | WB3808-02 | ||
| 008 | 020228n2002 000 0 eng u | ||
| 035 | _a(Sirsi) u116898 | ||
| 245 | _aFirst impressions not always right | ||
| 260 | _c2002 | ||
| 490 |
_aThe Arts Surveyor _v February 2002, 6(1) |
||
| 520 | _aA reminder of the case "Harlingdon & Leinster Enterprises Ltd v Christopher Hull Fine Art Ltd" CA 1989, which still has implications for fine arts professionals. The judge ruled that the buyer must be able to rely on the seller's description when making a purchase as it was held to influence the buyer's decision to buy. | ||
| 590 | _aWB | ||
| 650 | _aHARLINGDON & LEINSTER ENTERPRISES LTD V CHRISTOPHER HULL FINE ART LTD | ||
| 650 |
_aAuctioneering _96218 |
||
| 650 | _aFINE ARTS VALUATION | ||
| 650 | _aART SALES | ||
| 650 | _aATTRIBUTION | ||
| 690 |
_aArts and antiques _96217 |
||
| 942 | _n0 | ||
| 999 |
_c69635 _d69635 |
||